Preguntas del adolescente: en su desarrollo psico-sexual

Sparad:
Bibliografiska uppgifter
Huvudupphovsmän: Rubin, Isadore (Författare, medförfattare), Kirkendall, Lester A (Författare, medförfattare)
Materialtyp: Bok
Språk:spanska
Publicerad: Ciudad de México Pax-México 1972
Serie:Colección Educación Sexual
Ämnen:
Taggar: Lägg till en tagg
Inga taggar, Lägg till första taggen!

MARC

LEADER 00000nam a2200000 a 4500
001 UCY5824
003 CL-VaPUC
008 950512e19720000MX |||||||||||||||||spa|d
082 0 4 |a 155.5  |b RUB  |2 21 
100 0 |a Rubin, Isadore  |e author  |9 335134 
700 0 |a Kirkendall, Lester A  |e author  |9 335135 
245 1 0 |a Preguntas del adolescente: en su desarrollo psico-sexual 
300 |a 274 p 
942 |c BK 
945 |d 19950512 00:00:00  |a cmena 
260 |a Ciudad de México  |b Pax-México  |c 1972 
650 0 |a Adolescencia  |9 307361 
650 0 |a Psicología del adolescente   |9 307864 
650 0 |a Educación sexual  |9 308005 
650 0 |a Comportamiento sexual  |9 334955 
650 7 |a FECUNDIDAD  |2 CL-VaPUC  |9 335136 
650 7 |a FISIOLOGIA  |2 CL-VaPUC  |9 335137 
650 0 |a Anatomía  |9 261202 
650 7 |a RELACIONES PADRES-HIJOS  |2 CL-VaPUC  |9 308185 
650 7 |a EMBARAZO  |2 CL-VaPUC  |9 308235 
650 7 |a CONTROL DE LA NATALIDAD  |2 CL-VaPUC  |9 308234 
650 0 |a Homosexualidad  |9 255614 
650 7 |a MINUSVALIDOS FISICOS  |2 CL-VaPUC  |9 334759 
650 0 |a Alcoholismo  |9 259651 
650 0 |a Leyes  |9 256670 
650 7 |a MATRIMONIO  |2 CL-VaPUC  |9 335138 
583 |a last modification  |c 19950512 00:00:00  |k Rodrigo Vera 
490 0 |a Colección Educación Sexual 
999 |c 233432  |d 233430 
952 |0 0  |1 0  |4 0  |6 155_500000000000000_RUB_1972  |7 0  |8 P  |9 238969  |a BIBEDU  |b BIBEDU  |d 2019-11-18  |i 1504339  |o 155.5 RUB 1972  |p 1504339  |r 2024-01-25  |w 2019-11-18  |y BK  |k EDU